| 000 | 00451ntm a22001817a 4500 | ||
|---|---|---|---|
| 005 | 20250207143631.0 | ||
| 008 | 170530b1999 xxu||||| |||| 00| 0 spa d | ||
| 041 | _aESP | ||
| 082 | _aR 345.03 R456d6 | ||
| 100 | _aReyes Echandía, Alfonso | ||
| 245 | _aDiccionario de derecho penal | ||
| 250 | _a6 edición | ||
| 260 |
_aColombia _bTemis _c1999 |
||
| 300 | _a217 páginas | ||
| 650 | _aDICCIONARIOS | ||
| 650 | _aDERECHO PENAL | ||
| 942 |
_cREF _2ddc |
||
| 999 |
_c9489 _d9489 |
||